Suomen historian vuodet - Statistics

Yleistilastot
  • Tätä visaa on pelattu 353 kertaa
  • Keskiarvotulos 9 / 10
Vastaustilastot
Vihje Vastaus % Oikein
Vuosi, jona Suomi itsenäistyi Venäjästä. 1917
99%
Vuosi, jona käytiin Suomen sisällissota. 1918
97%
Vuosi, jona Sauli Niinistöstä tuli Suomen nykyinen presidentti. 2012
96%
Vuosi, jona ensimmäinen presidentti K. J. Ståhlberg astui virkaan. 1919
95%
Vuosi, jona Suomesta tuli EU:n jäsen. 1995
95%
Vuosi, jona Suomi otti euron käyttöön. 2002
95%
Vuosi, jona Urho Kekkosesta tuli presidentti. 1956
88%
Vuosi, jona Urho Kekkonen erosi presidentin virasta. 1981
88%
Vuosi, jona Suomesta tuli osa Venäjää. 1809
83%
Vuodet, joina käytiin talvisota. 1939-1940
81%
Ehtoja vastaavia visoja ei löytynyt
Tulosjakauma
Jokaisen tuloksen saaneiden osuus
Persentiili vastausten määrän mukaan
Tuloshistoriasi
Et ole pelannut tätä visaa